| 000 | 00586nam a22001937a 4500 | ||
|---|---|---|---|
| 005 | 20220127140436.0 | ||
| 008 | 020911d2002 mx r 00110 spa d | ||
| 010 | _a86301 | ||
| 011 | _a87273 | ||
| 035 | _a97816 | ||
| 090 | _aTesis | ||
| 245 | 0 | 0 |
_aDistribución, comportamiento, tecnologías y rentabilidad del cultivo del sorgo en el Estado de Veracruz _c/por Lázaro Arcos Roa |
| 260 |
_aChapingo, Méx. : _bEl autor, _c2001. |
||
| 300 | _a74 | ||
| 502 | _aTesis | ||
| 590 |
_aALEPH _b10 _c20130110 _lUCH01 _h1449 |
||
| 590 |
_aCONVERSION _b10 _c20130109 _lUCH01 _h1348 |
||
| 901 | _aBK | ||
| 999 |
_c86301 _d86301 |
||